Piketty esencial /
Збережено в:
| Автор: | |
|---|---|
| Формат: | Книга |
| Мова: | Іспанська |
| Опубліковано: |
Barcelona, España : México :
Planeta ; Ariel,
2018, c2018
|
| Предмети: | |
| Теги: |
Немає тегів, Будьте першим, хто поставить тег для цього запису!
|
MARC
| LEADER | 00000nam^a2200000^a^4500 | ||
|---|---|---|---|
| 001 | 000434703 | ||
| 005 | 20250521000000.0 | ||
| 009 | 20260310123112.077 | ||
| 020 | |a 978-84-344-2562-0 | ||
| 020 | |a 978-607-747-610-8 | ||
| 037 | |a Acervo ITESO - Biblioteca | ||
| 041 | |a ESP | ||
| 082 | |a 339. 2 |b ROI | ||
| 100 | |a Roine, Jesper |e (autor) | ||
| 240 | 1 | 4 | |a [El capital en el siglo XXI] |
| 245 | 1 | 0 | |a Piketty esencial / |c J. Roine ; tr. por Joan Andreano-Weyland. |
| 264 | 4 | |a Barcelona, España : |b Planeta ; |a México : |b Ariel, |c 2018, c2018 | |
| 300 | |a 138 p. | ||
| 336 | |a texto |b txt |2 rdacontenido | ||
| 337 | |a sin mediación |b n |2 rdamedio | ||
| 338 | |a volumen |b nc |2 rdasoporte | ||
| 500 | |a Traducción de: Thomas Pikettys Kapitalet i det tjugoförsta århundradet | ||
| 649 | |a XX | ||
| 650 | |a Economistas Franceses | ||
| 650 | |a Distribución del Ingreso - |x Tema Principal | ||
| 650 | |a Riqueza - |x Tema Principal | ||
| 650 | |a Capital - |x Tema Principal | ||
| 650 | |a Igualdad y Desigualdad | ||
| 650 | |a Desarrollo Económico-Social - |x Historia | ||
| 650 | |a Finanzas | ||
| 650 | |a Macroeconomía | ||
| 650 | |a Economía - |x Historia | ||
| 650 | |a Piketty, Thomas - |x Tema Principal | ||
| 910 | |a Fondo General | ||
| 920 | |a Impresos - Libros | ||
| 930 | |a Colección General | ||
| 905 | |a 101 | ||
| 901 | |a 0500351787 |b IT1 |c ACC |i C176114 |u 20250521 | ||
| 902 | |a https://opac.biblio.iteso.mx/vufind/Record/000434703 | ||